[Event "Olimpiade 2014 - Open"]
[Site "Tromsø"]
[Date "10.08.2014"]
[Round "8.38"]
[Board "3"]
[White "Hossain, Enamul"]
[Black "Torre, Eugenio"]
[Result "1-0"]
[WhiteTitle "GM"]
[BlackTitle "GM"]
[WhiteElo "2421"]
[BlackElo "2438"]
[WhiteTeam "Bangladesh"]
[BlackTeam "Philippines"]
[WhiteFideId "10200649"]
[BlackFideId "5200016"]
[EventDate "2014.08.02"]

1. e4 e5 2. Nf3 Nc6 3. Bb5 a6 4. Ba4 Nf6 5. O-O Be7 6. Re1 b5 7. Bb3 d6 8. c3
O-O 9. h3 Na5 10. Bc2 c5 11. d4 Qc7 12. Nbd2 cxd4 13. cxd4 Nc6 14. a3 exd4 15.
Nb3 Bb7 16. Bf4 Nd7 17. Nbxd4 Nxd4 18. Nxd4 g6 19. Rc1 Ne5 20. Bb3 Qa5 21. Bd5
Qb6 22. Nf5 gxf5 23. Be3 Qd8 24. Bxb7 Rb8 25. Bd5 Qd7 26. Qh5 Bf6 27. Rcd1 fxe4
28. Bd4 Qd8 29. Qf5 Bg7 30. Bxe4 Qh4 31. Bb1 Rfe8 32. Bc3 Re6 33. Re4 Qh6 34.
Re3 Rbe8 35. Ba2 Rf6 36. Qe4 Kh8 37. Rde1 Rg8 38. Rg3 Rf4 39. Qe3 Qf6 40. Qa7 h5
41. Qxa6 Rxf2 42. Bxe5 dxe5 43. Qxf6 Rxf6 44. Rg5 h4 45. Rgxe5 Rb8 46. R5e4 Rh6
47. Re8+ 1-0

[Event "Olimpiade 2014 - Open"]
[Site "Tromsø"]
[Date "10.08.2014"]
[Round "8.38"]
[Board "4"]
[White "Gonzales, Jayson"]
[Black "Murshed, Niaz"]
[Result "1/2-1/2"]
[WhiteTitle "GM"]
[BlackTitle "GM"]
[WhiteElo "2405"]
[BlackElo "2453"]
[WhiteTeam "Philippines"]
[BlackTeam "Bangladesh"]
[WhiteFideId "5201080"]
[BlackFideId "10200010"]
[EventDate "2014.08.02"]

1. d4 d5 2. c4 e6 3. Nc3 Bb4 4. e3 Nf6 5. a3 Bxc3+ 6. bxc3 O-O 7. Bd3 b6 8. cxd5
exd5 9. Ne2 Ba6 10. O-O Bxd3 11. Qxd3 Qc8 12. f3 Qa6 13. Qc2 Re8 14. Ng3 Nc6 15.
e4 dxe4 16. fxe4 Qc4 17. Ra2 Nd8 18. Bg5 Nd7 19. Qf2 f6 20. Bc1 Nf7 21. Re2 g6
22. Rfe1 Re7 23. Nf1 c6 24. Qg3 Rae8 25. Nd2 Qa4 26. Nf3 Qa5 27. Re3 Qh5 28. h3
Qb5 29. Nh2 Kg7 30. Ng4 h5 31. Nf2 Qg5 32. Qf3 Qa5 33. Qg3 Qg5 34. Qf3 Qa5 35.
R3e2 Nd6 36. Qf4 Nf7 37. Qg3 Kh7 38. Kh1 c5 39. Qf3 c4 40. Qg3 a6 41. Re3 Qb5
42. Rf3 Qc6 43. Qh4 b5 44. a4 b4 45. cxb4 Qxa4 46. Bd2 Qc2 47. Bc3 Nd6 48. Rfe3
Nf5 49. Qf4 Nxe3 50. Qxe3 Nb6 51. Bd2 Kg8 52. Qh6 Rg7 53. Rc1 Qb3 54. Qf4 Nd7
55. Kg1 Qb2 56. Bc3 Qe2 57. Re1 Qc2 58. Rc1 Qe2 59. Re1 1/2-1/2

[Event "Olimpiade 2014 - Open"]
[Site "Tromsø"]
[Date "10.08.2014"]
[Round "8.39"]
[Board "1"]
[White "Kelires, Andreas"]
[Black "Gonzalez Zamora, Juan Carlos"]
[Result "1-0"]
[BlackTitle "GM"]
[WhiteElo "2216"]
[BlackElo "2544"]
[WhiteTeam "Cyprus"]
[BlackTeam "Mexico"]
[WhiteFideId "5900727"]
[BlackFideId "3507548"]
[EventDate "2014.08.02"]

1. d4 Nf6 2. c4 e6 3. g3 c5 4. Nf3 cxd4 5. Nxd4 a6 6. Bg2 Qc7 7. Nc3 Be7 8. O-O
O-O 9. Be3 d6 10. Rc1 Nbd7 11. h3 Ne5 12. b3 Bd7 13. Qd2 Rac8 14. g4 h6 15. Bf4
Rfd8 16. Bg3 Ng6 17. Rfd1 Qb8 18. a4 Qa7 19. e4 Nh7 20. Kh2 Bg5 21. f4 Bh4 22.
Qf2 Bxg3+ 23. Qxg3 Nf6 24. e5 dxe5 25. fxe5 Ne8 26. Ne4 Bxa4 27. bxa4 Rxd4 28.
Qe3 Rxd1 29. Qxa7 Rxc1 30. c5 Nxe5 31. Qxb7 Rd8 32. Qb2 Nd3 33. Qb6 Rc8 34. Qxa6
Rd8 35. Qb6 Rc8 36. Qb7 Rd8 37. Qe7 Rb8 38. Nd6 Ne5 39. Nxe8 Rb2 40. Qd8 Kh7 41.
Qd6 Nf3+ 42. Kg3 Ne1 43. Be4+ f5 44. Qe7 Rc3+ 45. Kh4 1-0

[Event "Olimpiade 2014 - Open"]
[Site "Tromsø"]
[Date "10.08.2014"]
[Round "8.39"]
[Board "2"]
[White "Hernandez Guerrero, Gilberto"]
[Black "Aristotelous, Vassilis"]
[Result "1-0"]
[WhiteTitle "GM"]
[WhiteElo "2519"]
[BlackElo "1946"]
[WhiteTeam "Mexico"]
[BlackTeam "Cyprus"]
[WhiteFideId "5100011"]
[BlackFideId "5900468"]
[EventDate "2014.08.02"]

1. d4 Nf6 2. Bg5 g6 3. Bxf6 exf6 4. e3 Bg7 5. c4 d6 6. Nc3 O-O 7. g3 f5 8. Bg2
c5 9. Nge2 Nc6 10. Qd2 Re8 11. O-O f4 12. Nxf4 cxd4 13. exd4 Nxd4 14. Rfe1 Bg4
15. Rxe8+ Qxe8 16. Nfd5 Nf3+ 17. Bxf3 Bxf3 18. Re1 Qd8 19. Qf4 Bxc3 20. Ne7+ Kg7
21. bxc3 Bc6 22. Qd4+ f6 23. Re6 Qf8 24. Nxc6 bxc6 25. Rxd6 a5 26. Rd7+ Kg8 27.
Qh4 h6 28. Qe4 1-0

[Event "Olimpiade 2014 - Open"]
[Site "Tromsø"]
[Date "10.08.2014"]
[Round "8.39"]
[Board "3"]
[White "Antoniou, Antonis"]
[Black "Ibarra Chami, Luis Fernando"]
[Result "0-1"]
[WhiteTitle "FM"]
[BlackTitle "IM"]
[WhiteElo "2188"]
[BlackElo "2467"]
[WhiteTeam "Cyprus"]
[BlackTeam "Mexico"]
[WhiteFideId "5900123"]
[BlackFideId "5105048"]
[EventDate "2014.08.02"]

1. e4 c5 2. Nf3 Nc6 3. d4 cxd4 4. Nxd4 e6 5. Nxc6 bxc6 6. c4 Bc5 7. Bd3 e5 8.
O-O d6 9. Qe2 Ne7 10. Be3 Bxe3 11. Qxe3 O-O 12. Nc3 Be6 13. Rfd1 c5 14. Be2 Nc6
15. Nb5 Qb8 16. Nxd6 Nd4 17. Nf5 Nc2 18. Ne7+ Kh8 19. Qc3 Nxa1 20. Rxa1 Qd6 21.
Nd5 f5 22. exf5 Bxd5 23. Rd1 Qf6 24. cxd5 Qxf5 25. Qxc5 Rac8 26. Qe3 Rc2 27. Bd3
Qxf2+ 28. Qxf2 Rcxf2 29. d6 Rxb2 30. d7 Rd8 31. Ba6 Rxa2 32. Rc1 Rd2 33. Bc8 Rd5
34. Rc7 a5 35. Kf2 Kg8 36. Ke3 Kf7 37. h4 h5 38. Ra7 Ke6 39. g3 Kf5 40. Bb7
R5xd7 41. Bc8 Rxc8 0-1

[Event "Olimpiade 2014 - Open"]
[Site "Tromsø"]
[Date "10.08.2014"]
[Round "8.39"]
[Board "4"]
[White "Torres Rosas, Luis Carlos"]
[Black "Georgiou, Andreas"]
[Result "1-0"]
[WhiteTitle "CM"]
[WhiteElo "2351"]
[BlackElo "1781"]
[WhiteTeam "Mexico"]
[BlackTeam "Cyprus"]
[WhiteFideId "5111080"]
[BlackFideId "5900360"]
[EventDate "2014.08.02"]

1. d4 Nf6 2. c4 e6 3. Nc3 Bb4 4. f3 O-O 5. a3 Bxc3+ 6. bxc3 Nh5 7. Nh3 f5 8. Bg5
Nf6 9. e3 d6 10. Bd3 Nc6 11. Qc2 Qe8 12. O-O Bd7 13. Bh4 e5 14. Rab1 e4 15. fxe4
fxe4 16. Be2 Bxh3 17. gxh3 Qg6+ 18. Kh1 Qh6 19. Bxf6 Rxf6 20. Rxf6 Qxf6 21. Qxe4
Rf8 22. Rf1 Qe7 23. Qd5+ Kh8 24. Rxf8+ Qxf8 25. Qe6 g6 26. Kg2 Ne7 27. Bd3 Nf5
28. Bxf5 gxf5 29. Kf3 d5 30. cxd5 Qxa3 31. Qc8+ Kg7 32. Qxc7+ Kg6 33. Qxb7 Qc1
34. Qc6+ Kg7 35. Qd7+ Kg6 36. Qe6+ Kg7 37. Qxf5 Qh1+ 38. Ke2 Qxh2+ 39. Kd3 Qa2
40. Ke4 Qb1+ 41. Kf4 Qb8+ 42. Qe5+ 1-0

[Event "Olimpiade 2014 - Open"]
[Site "Tromsø"]
[Date "10.08.2014"]
[Round "8.40"]
[Board "1"]
[White "Banikas, Hristos"]
[Black "Gonzalez Acosta, Bernal"]
[Result "1-0"]
[WhiteTitle "GM"]
[BlackTitle "IM"]
[WhiteElo "2644"]
[BlackElo "2469"]
[WhiteTeam "Greece"]
[BlackTeam "Costa Rica"]
[WhiteFideId "4202031"]
[BlackFideId "6500170"]
[EventDate "2014.08.02"]

1. c4 c6 2. Nf3 d5 3. e3 Nf6 4. Nc3 g6 5. Be2 Bg7 6. O-O O-O 7. d4 a6 8. a4 a5
9. b3 Na6 10. Ba3 Re8 11. cxd5 Nxd5 12. Nxd5 cxd5 13. Rc1 e6 14. Bb5 Bd7 15. Qe2
Bf8 16. Bxd7 Qxd7 17. Ne5 Qd8 18. Bxf8 Kxf8 19. Qb5 Re7 20. Nd3 Kg7 21. Rc3 Nc7
22. Qb6 Na6 23. Qxd8 Rxd8 24. Rfc1 Rb8 25. Kf1 b5 26. Rc8 Reb7 27. Rxb8 Rxb8 28.
Nc5 Nb4 29. axb5 Rxb5 30. Ke2 Kf6 31. Na4 Na6 32. Rc6 Nb8 33. Rc3 h5 34. Kf3 g5
35. Rc8 g4+ 36. Kf4 Rb4 37. Nc5 e5+ 38. Kg3 exd4 39. exd4 Kg5 40. Rg8+ Kh6 41.
Rd8 f6 42. Rc8 Kg5 43. h4+ gxh3 44. Kxh3 Kg6 45. g3 Rb6 46. Rd8 Na6 47. Nd3 Rxb3
48. Nf4+ Kf7 49. Rxd5 Nb4 50. Rxa5 Nd3 51. Ra7+ Ke8 52. Nxd3 Rxd3 53. Ra4 Kf7
54. Kg2 Ke6 55. Kf1 Kd5 56. Ra5+ Ke6 57. Ra4 Kd5 58. Ra6 f5 59. Ra5+ Ke6 60.
Ra6+ Kd5 61. Rf6 Ke4 62. Re6+ Kxd4 63. Kg2 Kd5 64. Re8 Rd4 65. Rd8+ Kc5 66. Rxd4
Kxd4 67. f4 1-0

[Event "Olimpiade 2014 - Open"]
[Site "Tromsø"]
[Date "10.08.2014"]
[Round "8.40"]
[Board "2"]
[White "Valdes Romero, Leonardo"]
[Black "Mastrovasilis, Dimitrios"]
[Result "1/2-1/2"]
[WhiteTitle "IM"]
[BlackTitle "GM"]
[WhiteElo "2406"]
[BlackElo "2608"]
[WhiteTeam "Costa Rica"]
[BlackTeam "Greece"]
[WhiteFideId "6500331"]
[BlackFideId "4202694"]
[EventDate "2014.08.02"]

1. Nf3 d5 2. g3 Nf6 3. Bg2 e6 4. O-O Be7 5. d3 O-O 6. Nbd2 a5 7. e4 a4 8. a3
dxe4 9. dxe4 Na6 10. e5 Nd5 11. Ne4 Bd7 12. Qe2 Qe8 13. h4 Nc5 14. Nxc5 Bxc5 15.
Ng5 Be7 16. c4 Bxg5 17. Bxg5 Ne7 18. Bxb7 Rb8 19. Be4 Nf5 20. Rad1 Bc6 21. Bxc6
Qxc6 22. g4 Nh6 23. Be7 Rfc8 24. Bb4 Qe8 25. Rfe1 c5 26. Bc3 Qe7 27. h5 g6 28.
hxg6 fxg6 29. Rd3 Rd8 30. Red1 Rxd3 31. Rxd3 Qg5 32. f3 Nf7 33. Qd2 Qh4 34. Qf2
Qe7 35. Qg3 Ng5 36. Kg2 Rf8 37. Bd2 h6 1/2-1/2

[Event "Olimpiade 2014 - Open"]
[Site "Tromsø"]
[Date "10.08.2014"]
[Round "8.40"]
[Board "3"]
[White "Halkias, Stelios"]
[Black "Minero Pineda, Sergio"]
[Result "1/2-1/2"]
[WhiteTitle "GM"]
[BlackTitle "IM"]
[WhiteElo "2544"]
[BlackElo "2384"]
[WhiteTeam "Greece"]
[BlackTeam "Costa Rica"]
[WhiteFideId "4201809"]
[BlackFideId "6500374"]
[EventDate "2014.08.02"]

1. Nf3 Nf6 2. c4 g6 3. Nc3 Bg7 4. g3 O-O 5. Bg2 c5 6. O-O Nc6 7. d4 cxd4 8. Nxd4
Nxd4 9. Qxd4 d6 10. Qd3 Be6 11. Bxb7 Rb8 12. Bg2 Qa5 13. b3 Rxb3 14. axb3 Qxa1
15. Bd2 Qa6 16. Nb5 Ng4 17. Bg5 Bf6 18. Bxf6 Nxf6 19. Qd4 Qa2 20. Qxa7 Qxa7 21.
Nxa7 Rb8 22. Nc6 Rxb3 23. Nxe7+ Kf8 24. Nd5 Ng4 25. Rc1 Rb2 26. Nf4 Ne5 27. c5
dxc5 28. Rxc5 Rb1+ 29. Bf1 Nd7 30. Nxe6+ fxe6 31. Rc7 Ke7 32. f3 Kd6 33. Ra7 Rd1
34. Kf2 Ke5 35. Bh3 Kf6 36. Rc7 Nf8 37. f4 h5 38. Bg2 Rd7 39. Rc8 Kf7 40. Bc6
Ra7 41. Be8+ Ke7 42. Bb5 Kf7 43. Bc4 Ke7 44. Ke3 Nd7 45. Rc6 Nf8 46. Kd4 Kf6 47.
e4 Rd7+ 48. Ke3 Ra7 49. e5+ Ke7 50. Kd4 Rb7 51. Kc3 Kf7 52. Ba6 Rd7 53. Bc4 Rb7
54. Ra6 Ke7 55. Bb3 Kf7 56. Ba4 Nd7 57. Bxd7 Rxd7 58. Ra2 Rc7+ 59. Kb4 Rc1 60.
Kb5 h4 61. gxh4 Rc3 62. Ra7+ Kf8 63. Ra8+ Kf7 64. Ra7+ Kf8 65. h5 gxh5 66. Rh7
Rf3 67. Kc6 Rxf4 68. Kd6 Rh4 69. Kxe6 Rxh2 70. Rf7+ Ke8 71. Rc7 Kf8 72. Rc8+ Kg7
73. Rc7+ Kf8 74. Rc8+ Kg7 75. Ke7 Ra2 76. e6 h4 77. Rc3 Ra7+ 78. Kd6 Ra6+ 79.
Kd7 Ra7+ 80. Kd6 Ra6+ 81. Kd5 Ra5+ 82. Kd6 Ra6+ 1/2-1/2

[Event "Olimpiade 2014 - Open"]
[Site "Tromsø"]
[Date "10.08.2014"]
[Round "8.40"]
[Board "4"]
[White "Murillo Tsijli, Alexis"]
[Black "Mastrovasilis, Athanasios"]
[Result "0-1"]
[WhiteTitle "IM"]
[BlackTitle "GM"]
[WhiteElo "2303"]
[BlackElo "2526"]
[WhiteTeam "Costa Rica"]
[BlackTeam "Greece"]
[WhiteFideId "6500218"]
[BlackFideId "4201990"]
[EventDate "2014.08.02"]

1. Nf3 Nf6 2. b3 d5 3. Bb2 Bf5 4. Nh4 Bc8 5. Nf3 c6 6. g3 Bf5 7. Bg2 e6 8. O-O
Be7 9. d3 h6 10. c4 O-O 11. cxd5 cxd5 12. Nd4 Bh7 13. Nd2 Nbd7 14. Bh3 Qb6 15.
N2f3 a5 16. Rb1 Bc5 17. Qd2 Rfe8 18. Rbc1 Rad8 19. Qc3 Bg6 20. Nh4 Bh5 21. e3 g5
22. Nhf5 exf5 23. Nxf5 Bf8 24. e4 dxe4 25. dxe4 Ne5 26. Bg2 Be2 27. Rfe1 Bb4 0-1

[Event "Olimpiade 2014 - Open"]
[Site "Tromsø"]
[Date "10.08.2014"]
[Round "8.41"]
[Board "1"]
[White "Bologan, Viktor"]
[Black "Puntier Andujar, William Staling"]
[Result "1-0"]
[WhiteTitle "GM"]
[BlackTitle "FM"]
[WhiteElo "2654"]
[BlackElo "2333"]
[WhiteTeam "Moldova"]
[BlackTeam "Dominican Republic"]
[WhiteFideId "13900048"]
[BlackFideId "6400299"]
[EventDate "2014.08.02"]

1. e4 c5 2. Nf3 d6 3. d4 cxd4 4. Nxd4 Nf6 5. Nc3 g6 6. Be3 Bg7 7. f3 a6 8. g4
Nbd7 9. a4 b6 10. h4 Bb7 11. Bc4 Ne5 12. Bb3 Rc8 13. h5 Rxc3 14. bxc3 Qc7 15.
Bd2 O-O 16. hxg6 hxg6 17. Qe2 Rc8 18. Rh3 Nc4 19. Bh6 Na5 20. c4 Bxh6 21. Rxh6
Qc5 22. Rd1 Qg5 23. Qd2 Rc5 24. Qxg5 Rxg5 25. Kd2 Bc8 26. Rdh1 Kg7 27. Rh8 Bb7
28. Rd8 e5 29. Ne2 Bxe4 30. fxe4 Nb7 31. Rb8 Nc5 32. Nc3 Rxg4 33. Rxb6 Rg2+ 34.
Kc1 Rg3 35. Kb2 a5 36. Nb5 Nxb3 37. cxb3 Nxe4 38. Nxd6 Rg2+ 39. Ka3 Nc3 40. b4
Rg3 41. bxa5 1-0

[Event "Olimpiade 2014 - Open"]
[Site "Tromsø"]
[Date "10.08.2014"]
[Round "8.41"]
[Board "2"]
[White "Abreu Jean, Carlos Paul"]
[Black "Svetushkin, Dmitry"]
[Result "0-1"]
[WhiteTitle "FM"]
[BlackTitle "GM"]
[WhiteElo "2286"]
[BlackElo "2547"]
[WhiteTeam "Dominican Republic"]
[BlackTeam "Moldova"]
[WhiteFideId "6405525"]
[BlackFideId "13900463"]
[EventDate "2014.08.02"]

1. d4 Nf6 2. Nf3 e6 3. g3 b5 4. a4 b4 5. Bg2 Bb7 6. a5 Be7 7. O-O O-O 8. c4 c5
9. d5 exd5 10. Nh4 Ne4 11. cxd5 Bxh4 12. Bxe4 f5 13. Bf3 Bg5 14. d6 Bxf3 15.
exf3 Nc6 16. Qd5+ Kh8 17. Qxc5 Bxc1 18. Rxc1 Qf6 19. Nd2 Rae8 20. Nc4 Nd4 21. f4
Rc8 22. Qxa7 Nb3 23. Rab1 Qe6 24. Re1 Qxc4 25. Qxd7 Nd2 0-1

[Event "Olimpiade 2014 - Open"]
[Site "Tromsø"]
[Date "10.08.2014"]
[Round "8.41"]
[Board "3"]
[White "Hamitevici, Vladimir"]
[Black "Michelen Rodriguez, Victor Isaac"]
[Result "1-0"]
[WhiteTitle "IM"]
[WhiteElo "2467"]
[BlackElo "2239"]
[WhiteTeam "Moldova"]
[BlackTeam "Dominican Republic"]
[WhiteFideId "13902393"]
[BlackFideId "6401317"]
[EventDate "2014.08.02"]

1. Nf3 c5 2. e4 d6 3. d4 cxd4 4. Qxd4 Nc6 5. Bb5 Bd7 6. Qd3 a6 7. Bxc6 Bxc6 8.
c4 Nf6 9. Nc3 Nd7 10. O-O e6 11. Rd1 Qc7 12. Nd5 Qd8 13. Bf4 Bxd5 14. cxd5 e5
15. Be3 Be7 16. Qb3 Qb8 17. Nd2 O-O 18. a4 b5 19. Rdc1 Qb7 20. Nc4 Nc5 21. Bxc5
dxc5 22. Nxe5 Rac8 23. Nc6 Rxc6 24. dxc6 Qxc6 25. axb5 axb5 26. Ra5 Qxe4 27.
Rxb5 Bd6 28. Qc4 Qe5 29. g3 Qf6 30. Rb6 Qe7 31. Qd5 Rd8 32. Rb7 Qf6 33. Rd1 g6
34. Qc6 Be5 35. Rxd8+ Qxd8 36. Qxc5 Bd4 37. Qb4 Qd5 38. Rb8+ Kg7 39. b3 Bc5 40.
Qc3+ Bd4 41. Qe1 h5 42. Qe8 Kh6 43. Rd8 Qc5 44. Qf8+ 1-0

[Event "Olimpiade 2014 - Open"]
[Site "Tromsø"]
[Date "10.08.2014"]
[Round "8.41"]
[Board "4"]
[White "Polanco Nunez, Yoel Estarling"]
[Black "Sanduleac, Vasile"]
[Result "1/2-1/2"]
[BlackTitle "GM"]
[WhiteElo "2157"]
[BlackElo "2396"]
[WhiteTeam "Dominican Republic"]
[BlackTeam "Moldova"]
[WhiteFideId "6401783"]
[BlackFideId "13900161"]
[EventDate "2014.08.02"]

1. e4 g6 2. d4 Bg7 3. Nc3 c6 4. Nf3 d5 5. Bf4 dxe4 6. Nxe4 Nh6 7. Bc4 O-O 8. Qd2
Nf5 9. O-O-O Nd7 10. Bb3 Nb6 11. g4 Nd6 12. Nxd6 exd6 13. Bg5 Qc7 14. Qf4 Be6
15. Bh6 Bxb3 16. Bxg7 Kxg7 17. axb3 Nd5 18. Qd2 Qd7 19. Rhg1 Rae8 20. Nh4 Qe7
21. Ng2 Qe4 22. c4 Nf6 23. Ne3 Kh8 24. h4 Qf4 25. Nc2 Qxd2+ 26. Rxd2 Re7 27. f3
Rfe8 28. Kd1 Kg7 29. Rgg2 h5 30. g5 Nd7 31. Rde2 f6 32. Rxe7+ Rxe7 33. Re2 Rxe2
34. Kxe2 fxg5 35. hxg5 Nb6 36. f4 d5 37. Ne3 Kf7 38. Kf3 Ke6 39. f5+ gxf5 40.
Kf4 dxc4 41. bxc4 h4 42. b3 h3 43. Nxf5 h2 44. Ng3 Kf7 45. Kf3 Kg6 46. Kg2 Kxg5
47. Ne4+ Kf4 48. Nd6 Ke3 49. Nxb7 Kxd4 50. Na5 c5 51. Nc6+ Kc3 52. Nxa7 Kxb3 53.
Kxh2 Nxc4 54. Nc6 Nb6 55. Kg3 Nd5 56. Ne5 c4 57. Nxc4 Kxc4 1/2-1/2

[Event "Olimpiade 2014 - Open"]
[Site "Tromsø"]
[Date "10.08.2014"]
[Round "8.42"]
[Board "1"]
[White "Al Qudaimi, Basheer"]
[Black "Ziska, Helgi Dam"]
[Result "1-0"]
[WhiteTitle "IM"]
[BlackTitle "IM"]
[WhiteElo "2396"]
[BlackElo "2507"]
[WhiteTeam "Yemen"]
[BlackTeam "Faroe Isles"]
[WhiteFideId "9400346"]
[BlackFideId "7200595"]
[EventDate "2014.08.02"]

1. e4 c5 2. Ne2 Nf6 3. Nbc3 d6 4. g3 b5 5. Bg2 Bb7 6. d4 Nbd7 7. O-O b4 8. Nd5
e6 9. Nxf6+ Nxf6 10. d5 exd5 11. exd5 Be7 12. a3 a5 13. c3 O-O 14. Re1 Re8 15.
Nf4 bxc3 16. bxc3 Nd7 17. Bf1 Ba6 18. Bxa6 Rxa6 19. Rb1 Ra8 20. Ng2 Bf6 21.
Rxe8+ Qxe8 22. Qd3 Ne5 23. Qe4 Rb8 24. Ne3 g6 25. Kg2 Rxb1 26. Qxb1 Qa4 27. c4
Nxc4 28. Ng4 Bb2 29. Bxb2 Qb3 30. Nh6+ 1-0

[Event "Olimpiade 2014 - Open"]
[Site "Tromsø"]
[Date "10.08.2014"]
[Round "8.42"]
[Board "2"]
[White "Rodgaard, John"]
[Black "Al Badani, Abdu"]
[Result "1-0"]
[WhiteTitle "IM"]
[BlackTitle "FM"]
[WhiteElo "2361"]
[BlackElo "2180"]
[WhiteTeam "Faroe Isles"]
[BlackTeam "Yemen"]
[WhiteFideId "7200013"]
[BlackFideId "9400176"]
[EventDate "2014.08.02"]

1. c4 e5 2. Nc3 Nc6 3. e3 f5 4. d4 e4 5. f3 Nf6 6. Nh3 Bb4 7. Bd2 O-O 8. d5 Ne5
9. Nxe4 fxe4 10. Bxb4 d6 11. f4 Bxh3 12. fxe5 Ng4 13. gxh3 Qh4+ 14. Kd2 Nxe3 15.
Qb3 Rf3 16. Be2 Qf2 17. exd6 Nf5 18. Raf1 Qd4+ 19. Kc1 Rxb3 20. axb3 Qe3+ 21.
Kb1 Nxd6 22. Bd1 b6 23. Rhg1 Qd3+ 24. Bc2 Qxh3 25. Bc3 g6 26. b4 Rf8 27. Rxf8+
Kxf8 28. c5 Nb5 29. Be5 Qf5 30. Bg3 Qxd5 31. Rf1+ Kg7 32. Re1 Nd4 33. Bxe4 Ne2 1-0

[Event "Olimpiade 2014 - Open"]
[Site "Tromsø"]
[Date "10.08.2014"]
[Round "8.42"]
[Board "3"]
[White "Al-Hadarani, Hatim"]
[Black "Berg, Olaf"]
[Result "1-0"]
[WhiteTitle "FM"]
[BlackTitle "FM"]
[WhiteElo "2254"]
[BlackElo "2320"]
[WhiteTeam "Yemen"]
[BlackTeam "Faroe Isles"]
[WhiteFideId "9400273"]
[BlackFideId "7200420"]
[EventDate "2014.08.02"]

1. d4 Nf6 2. Bg5 e6 3. Nd2 h6 4. Bh4 c5 5. e3 b6 6. c3 Bb7 7. f4 Be7 8. Ngf3 Nc6
9. a3 d6 10. Bb5 a6 11. Bd3 cxd4 12. cxd4 g5 13. fxg5 Nd5 14. Bf2 hxg5 15. O-O
g4 16. Ne1 g3 17. hxg3 Bg5 18. Qf3 Nxd4 19. exd4 Bxd2 20. Qe2 Qg5 21. Nf3 Qh5
22. Nh4 Qxe2 23. Bxe2 Ne3 24. Rfb1 Nc2 25. Ra2 Be3 26. Bf3 d5 27. Rd1 Bg5 28.
Rd3 Rc8 29. b4 a5 30. b5 Be7 31. Bd1 Nxa3 32. Raxa3 Bxa3 33. Rxa3 Rc1 34. Rd3 a4
35. Be3 Rb1 36. Kf2 a3 37. Rxa3 Rxd1 38. Ra7 Bc8 39. Bg5 O-O 40. Bf6 Rb1 41. g4
Rxb5 42. Ra1 Rb2+ 43. Kg3 Rb3+ 44. Nf3 Kh7 45. Kf4 Kg6 46. g5 e5+ 47. Nxe5+ Kh7
48. g3 Bh3 49. Rh1 1-0

[Event "Olimpiade 2014 - Open"]
[Site "Tromsø"]
[Date "10.08.2014"]
[Round "8.42"]
[Board "4"]
[White "Nilssen, John Arni"]
[Black "Al-Aqrabi, Saleh"]
[Result "1-0"]
[WhiteTitle "IM"]
[WhiteElo "2322"]
[BlackElo "2139"]
[WhiteTeam "Faroe Isles"]
[BlackTeam "Yemen"]
[WhiteFideId "7200137"]
[BlackFideId "9400338"]
[EventDate "2014.08.02"]

1. d4 d5 2. c4 c6 3. Nc3 Nf6 4. e3 a6 5. Nf3 b5 6. c5 Bg4 7. h3 Bh5 8. g4 Bg6 9.
Ne5 e6 10. h4 Nfd7 11. Nxd7 Nxd7 12. h5 Be4 13. f3 Qc7 14. fxe4 Qg3+ 15. Kd2 b4
16. Ne2 Qf3 17. Rh3 Qxg4 18. Nf4 Qxd1+ 19. Kxd1 dxe4 20. Bg2 e5 21. dxe5 O-O-O
22. Ke2 Nxc5 23. Bd2 a5 24. Rc1 f5 25. Rg3 Re8 26. e6 Kb7 27. e7 Bxe7 28. Rxg7
Kb6 29. b3 Bd6 30. Bh3 Ref8 31. Rcg1 Kb5 32. Bf1 Be5 33. R7g5 Rf6 34. Rg8 Rd6
35. Rxh8 Bxh8 36. Kd1+ Kb6 37. Kc2 Nd7 38. Rg8 Bf6 39. Re8 Bg5 40. Be2 Nf6 41.
Re5 Nd5 42. Bc4 Ne7 43. Bc1 Bf6 44. Re6 Rxe6 45. Nxe6 h6 46. Bb2 Bxb2 47. Kxb2
Nd5 48. Bxd5 cxd5 49. Kc2 Kb7 50. Kd2 Kc8 51. Nd4 f4 52. exf4 Kd7 53. Ke3 Ke8
54. Nf5 1-0

[Event "Olimpiade 2014 - Open"]
[Site "Tromsø"]
[Date "10.08.2014"]
[Round "8.43"]
[Board "1"]
[White "Guevara, Carlos"]
[Black "Salem, A.R. Saleh"]
[Result "0-1"]
[BlackTitle "GM"]
[WhiteElo "2218"]
[BlackElo "2591"]
[WhiteTeam "Nicaragua"]
[BlackTeam "United Arab Emirates"]
[WhiteFideId "6100252"]
[BlackFideId "9301348"]
[EventDate "2014.08.02"]

1. d4 Nf6 2. Nf3 c5 3. g3 cxd4 4. Nxd4 e5 5. Nf3 Nc6 6. Bg2 d5 7. O-O Be7 8. b3
e4 9. Nd4 h5 10. h4 Ng4 11. Bb2 Bxh4 12. Nxc6 bxc6 13. Bxe4 dxe4 14. gxh4 Qc7 0-1

[Event "Olimpiade 2014 - Open"]
[Site "Tromsø"]
[Date "10.08.2014"]
[Round "8.43"]
[Board "2"]
[White "Omar, Noaman"]
[Black "Garcia, Ricardo NCA"]
[Result "1/2-1/2"]
[WhiteTitle "IM"]
[BlackTitle "FM"]
[WhiteElo "2350"]
[BlackElo "2215"]
[WhiteTeam "United Arab Emirates"]
[BlackTeam "Nicaragua"]
[WhiteFideId "9300244"]
[BlackFideId "6104347"]
[EventDate "2014.08.02"]

1. d4 Nf6 2. c4 e6 3. Nc3 Bb4 4. Qc2 O-O 5. e4 d6 6. Bd3 e5 7. d5 Ne8 8. Ne2 Nd7
9. Ng3 Nc5 10. Be2 Qh4 11. O-O Bxc3 12. bxc3 Nf6 13. f4 Bg4 14. Nf5 Bxf5 15.
exf5 e4 16. Be3 Ng4 17. Bxg4 Qxg4 18. Bxc5 dxc5 19. Rae1 Qxf5 20. Rxe4 c6 21.
dxc6 b6 22. Qe2 Qc8 23. f5 Qxc6 24. f6 Rae8 25. Qg4 g6 26. Re7 Rxe7 27. fxe7 Re8
28. Re1 f5 29. Qd1 Kf7 30. Qd2 Rxe7 31. Rxe7+ Kxe7 32. Qh6 Qe6 33. Qxh7+ Kd6 34.
h3 Qe1+ 35. Kh2 Qe5+ 36. Kh1 Qe1+ 37. Kh2 Qe5+ 38. Kh1 Qe1+ 39. Kh2 Qe5+ 1/2-1/2

[Event "Olimpiade 2014 - Open"]
[Site "Tromsø"]
[Date "10.08.2014"]
[Round "8.43"]
[Board "3"]
[White "Madrigal, Mariano"]
[Black "Khouri, Ibrahim Mohamed"]
[Result "1-0"]
[WhiteTitle "IM"]
[BlackTitle "FM"]
[WhiteElo "2156"]
[BlackElo "2225"]
[WhiteTeam "Nicaragua"]
[BlackTeam "United Arab Emirates"]
[WhiteFideId "6100961"]
[BlackFideId "9301526"]
[EventDate "2014.08.02"]

1. e4 e5 2. Nf3 Nc6 3. Bb5 a6 4. Ba4 Nf6 5. Qe2 b5 6. Bb3 Bc5 7. d3 h6 8. O-O
O-O 9. c3 Re8 10. Be3 Bxe3 11. fxe3 d5 12. Nbd2 Be6 13. Rad1 Qe7 14. Kh1 Rad8
15. exd5 Nxd5 16. Qf2 a5 17. d4 exd4 18. exd4 a4 19. Bc2 a3 20. bxa3 Nxc3 21.
Rde1 Qxa3 22. Ng5 Rd7 23. Nxe6 Rxe6 24. Rxe6 fxe6 25. Qf3 Nd8 26. Bg6 Qb4 27. a3
Qxa3 28. Ne4 Rxd4 29. Nxc3 c6 30. h3 Qe7 31. Ne4 b4 32. Qf2 c5 33. Qg3 c4 34.
Qf2 e5 35. Qg3 c3 36. Bf5 c2 1-0